[Event "Commonwealth-ch"]
[Site "Nagpur"]
[Date "2008.10.03"]
[Round "7"]
[White "Hardik, Mehta"]
[Black "Manush, Shah"]
[Result "1-0"]
[WhiteElo "2037"]
[BlackElo "1863"]
[PlyCount "69"]
[EventDate "2008.09.28"]
[EventType "swiss"]
[EventRounds "11"]
[EventCountry "IND"]
[SourceTitle "CBM 126 Extra"]
[Source "ChessBase"]
[SourceDate "2008.11.05"]
[SourceVersion "1"]
[SourceVersionDate "2008.11.05"]
[SourceQuality "1"]

1. e4 c5 2. Nf3 e6 3. d4 cxd4 4. Nxd4 a6 5. Nc3 Qc7 6. Be3 b5 7. Bd3 Nc6 8. 0-0 Bb7 9. Kh1 d6 10. f4 Nf6 11. Qf3 Ne7 12. a4 b4 13. Nce2 Ng6 14. c3 Qa5 15. cxb4 Qxb4 16. Ra3 Qa5 17. Rb3 Qc7 18. Rc1 Qd7 19. Nb5 Rc8 20. Rxc8+ Bxc8 21. Rc3 Be7 22. Nc7+ Kf8 23. Nxa6 Bd8 24. Nb8 Qb7 25. Ba6 Qxb8 26. Rxc8 Qxb2 27. Rxd8+ Ke7 28. Rxh8 Nxh8 29. e5 dxe5 30. Bc5+ Kd7 31. Bb5+ Kc7 32. Qc6+ Kd8 33. Qb6+ Kc8 34. Ba6+ Kd7 35. Qd6+ 1-0

[Event "Commonwealth-ch"]
[Site "Nagpur"]
[Date "2008.10.02"]
[Round "6"]
[White "Mehar, Chinna Reddy CH"]
[Black "Hardik, Mehta"]
[Result "1-0"]
[WhiteElo "2240"]
[BlackElo "2037"]
[PlyCount "45"]
[EventDate "2008.09.28"]
[EventType "swiss"]
[EventRounds "11"]
[EventCountry "IND"]
[SourceTitle "CBM 126 Extra"]
[Source "ChessBase"]
[SourceDate "2008.11.05"]
[SourceVersion "1"]
[SourceVersionDate "2008.11.05"]
[SourceQuality "1"]

1. e4 c5 2. Nf3 Nc6 3. d4 cxd4 4. Nxd4 Nf6 5. Nc3 e5 6. Ndb5 d6 7. Bg5 a6 8. Na3 b5 9. Bxf6 gxf6 10. Nd5 Bg7 11. Bd3 Be6 12. 0-0 f5 13. Qh5 0-0 14. exf5 Bxd5 15. f6 e4 16. fxg7 Re8 17. Qxd5 exd3 18. Qxc6 b4 19. Nc4 d5 20. Nb6 Rb8 21. Nxd5 Re6 22. Qc4 dxc2 23. Ne3 1-0

[Event "Commonwealth-ch"]
[Site "Nagpur"]
[Date "2008.09.30"]
[Round "3"]
[White "Dharani, Sree R"]
[Black "Hardik, Mehta"]
[Result "0-1"]
[WhiteElo "1745"]
[BlackElo "2037"]
[PlyCount "80"]
[EventDate "2008.09.28"]
[EventType "swiss"]
[EventRounds "11"]
[EventCountry "IND"]
[SourceTitle "CBM 126 Extra"]
[Source "ChessBase"]
[SourceDate "2008.11.05"]
[SourceVersion "1"]
[SourceVersionDate "2008.11.05"]
[SourceQuality "1"]

1. c4 Nf6 2. Nc3 g6 3. g3 Bg7 4. Bg2 0-0 5. Nf3 d6 6. 0-0 Nc6 7. d4 a6 8. d5 Na5 9. Nd2 c5 10. dxc6 Nxc6 11. Nb3 Bd7 12. Bf4 Na5 13. Nxa5 Qxa5 14. Qd2 Bc6 15. Nd5 Qxd2 16. Nxe7+ Kh8 17. Bxd2 Bxg2 18. Kxg2 Rfe8 19. Nd5 Nxd5 20. cxd5 Rxe2 21. Bc3 Rae8 22. Rab1 b5 23. Rbc1 Bxc3 24. Rxc3 Rxb2 25. Rc6 Rxa2 26. Rxd6 Ree2 27. Rc6 Red2 28. d6 Kg7 29. Kf3 a5 30. h4 b4 31. g4 b3 32. h5 a4 33. Rb6 b2 34. Ke3 Rxd6 35. Rxd6 Ra1 36. Rdd1 Rxd1 37. Rxd1 a3 38. Kf4 a2 39. Kg5 b1Q 40. Rxb1 axb1Q 0-1

[Event "Commonwealth-ch"]
[Site "Nagpur"]
[Date "2008.09.30"]
[Round "4"]
[White "Hardik, Mehta"]
[Black "Pradeep, Kumar RA"]
[Result "1/2-1/2"]
[WhiteElo "2037"]
[BlackElo "2250"]
[PlyCount "55"]
[EventDate "2008.09.28"]
[EventType "swiss"]
[EventRounds "11"]
[EventCountry "IND"]
[SourceTitle "CBM 126 Extra"]
[Source "ChessBase"]
[SourceDate "2008.11.05"]
[SourceVersion "1"]
[SourceVersionDate "2008.11.05"]
[SourceQuality "1"]

1. e4 c5 2. Nf3 Nc6 3. d4 cxd4 4. Nxd4 Nf6 5. Nc3 e5 6. Ndb5 d6 7. Bg5 a6 8. Na3 b5 9. Bxf6 gxf6 10. Nd5 f5 11. Bxb5 axb5 12. Nxb5 Ra4 13. b4 Rxb4 14. Nbc7+ Kd7 15. 0-0 Qg5 16. Nxb4 Nxb4 17. Nd5 Nxd5 18. Qxd5 Ke7 19. f4 exf4 20. e5 Rg8 21. Rab1 Qg6 22. Rfc1 f3 23. g3 h6 24. Rb7+ Bxb7 25. Qxb7+ Kd8 26. Qb8+ Kd7 27. Qb7+ Kd8 28. Qb8+ 1/2-1/2

[Event "Mumbai Mayors Cup 1st"]
[Site "Mumbai"]
[Date "2008.05.14"]
[Round "5"]
[White "Hardik, Mehta"]
[Black "Deshmukh, Anup"]
[Result "0-1"]
[WhiteElo "2017"]
[BlackElo "2248"]
[PlyCount "52"]
[EventDate "2008.05.11"]
[EventType "swiss"]
[EventRounds "11"]
[EventCountry "IND"]
[SourceTitle "CBM 124 Extra"]
[Source "ChessBase"]
[SourceDate "2008.07.03"]
[SourceVersion "1"]
[SourceVersionDate "2008.07.03"]
[SourceQuality "1"]

1. e4 e5 2. Nf3 Nc6 3. Bb5 a6 4. Ba4 Nf6 5. 0-0 Be7 6. Re1 b5 7. Bb3 0-0 8. a4 b4 9. d3 Bb7 10. Nbd2 d5 11. exd5 Nxd5 12. Nc4 Nf4 13. Nfxe5 Nxg2 14. Nxc6 Bxc6 15. Na5 Bf3 16. Qxf3 Nxe1 17. Qe2 Bd6 18. Qxe1 Qh4 19. Nc4 Rae8 20. Be3 Qxh2+ 21. Kf1 Bf4 22. a5 Re6 23. Ba4 c6 24. Rd1 Rfe8 25. Bb3 h5 26. Rd2 Qh3+ 0-1

[Event "Mumbai Mayors Cup 1st"]
[Site "Mumbai"]
[Date "2008.05.12"]
[Round "3"]
[White "Hardik, Mehta"]
[Black "Shivananda, BS."]
[Result "1-0"]
[WhiteElo "2017"]
[BlackElo "2330"]
[PlyCount "81"]
[EventDate "2008.05.11"]
[EventType "swiss"]
[EventRounds "11"]
[EventCountry "IND"]
[SourceTitle "CBM 124 Extra"]
[Source "ChessBase"]
[SourceDate "2008.07.03"]
[SourceVersion "1"]
[SourceVersionDate "2008.07.03"]
[SourceQuality "1"]

1. e4 d6 2. d4 g6 3. Nc3 Bg7 4. f4 a6 5. Nf3 b5 6. Bd3 c5 7. dxc5 dxc5 8. e5 Bb7 9. Be3 Nd7 10. Be4 Qc8 11. 0-0 Nh6 12. Bxb7 Qxb7 13. Qd5 Qxd5 14. Nxd5 Rc8 15. a4 b4 16. a5 Rc6 17. h3 f6 18. g4 fxe5 19. fxe5 Ng8 20. Bf4 e6 21. Ne3 Ne7 22. Nc4 Nd5 23. Bg3 0-0 24. Ng5 Bh6 25. Rxf8+ Nxf8 26. Ne4 Nd7 27. g5 Bg7 28. Nf6+ Bxf6 29. exf6 Kf7 30. Nd6+ Kf8 31. Re1 Nc7 32. Nc4 Nb5 33. Kf2 Nd4 34. c3 Nf5 35. Rd1 Nxg3 36. Kxg3 Rc7 37. Rd6 h6 38. h4 hxg5 39. hxg5 bxc3 40. bxc3 Nb8 41. Rxe6 1-0